Регионална библиотека "Любен Каравелов" - Русе

Битката за Сталинград (Запис номер 326007)

MARC детайли
000 -Лидер
Контролно поле с фиксирана дължина 01716nam a2200421 c 4500
003 - Код на организацията, давaща контролен номер
Контролно поле BLK
005 - Дата и час на последна редакция
Контролно поле 20250331162113.0
008 - Елементи от данни с фиксирана дължина
fixed length control field 180411b bul|||||r ||||||| ||bul||
010 ## - Наследен системен номер
LC control number KNG00213461000
020 ## - Международен стандартен номер на книга ISBN
Международен стандартен номер на книга ISBN 978-619-153-189-9
Поясняваща информация 9786191531899
040 ## - Източник на каталожния запис
Идентификатор на билиотеката - собственик на записа BLK
041 ## - Код за език
Код за езика на текст/звукозапис или на отделно заглавие Български
Код за езика КДБФ Български
072 #7 - Код за тематичната категория
Код организация bullib
Код за тематична категория Н92
080 ## - УДК
Текстов определител УДК История на Русия и СССР. Вж и 936 ; 957
УДК код - определител по УДК 94(470)
080 ## - УДК
Текстов определител УДК Втора световна война
УДК код - определител по УДК 355.48(100)"1939/1945"
100 1# - Редна дума - Автор
Автор Жданов, Михаил Михайлович
Авторска отговорност първи автор
R(LIN) 276966
139 ## - Редно поле
Редна дума Жданов, Михаил Михайлович
Авторски знак Жда - Ж 27
245 10 - Сведения за заглавието
Заглавие Битката за Сталинград
Подзаглавни данни Жуков срещу Паулус; Спомени на участниците; Съдбата на немските пленници
Редно поле (дума) Михаил Михайлович Жданов; прев. от рус. Наташа Стоянова
257 ## - Страна на издаване
Страна на създаване/издаване Русия
260 ## - Област на издателските данни
Име на издателя, разпространителя и проч. Паритет
Година на издаване 2018
Място на издаване, разпространение и проч. София
300 ## - Физическа характеристика
Страници 208 с.
Размери/Мащаб 21 см
380 ## - Жанр
Жанр Обществени науки
500 ## - Общи забележки
Забележка Без сведение за ориг. загл.
650 #0 - Допълнително описание по предмет – тема
Основно описание – тема или топоним Военна история
9 (RLIN) 250898
651 #4 - Допълнително описание по предмет - топоним
Географско понятие Русия
9 (RLIN) 179465
651 #7 - Допълнително описание по предмет - топоним
Географско понятие Сталинград
9 (RLIN) 179593
653 #7 - Ключова дума – ненормативна
Ключова дума генерали
9 (RLIN) 183909
653 #7 - Ключова дума – ненормативна
Ключова дума военнопленници
9 (RLIN) 183577
700 ## - Други автори (авторска отговорност)
Лично име Стоянова, Наташа
Автороска отговорност (Описва отношението между автора и произведението) прев. от рус.
9 (RLIN) 384885
852 ## - Местоположение
Фондова буква Заемна - подръчен фонд
Систематично-азбучна сигнатура П 355.4/Ж 27
856 4# - Електронен адрес и достъп
Електронен формат pdf - файл
856 4# - Електронен адрес и достъп
Електронен формат pdf - файл
942 ## - АРТИКУЛИ
Вид на библиотечния материал Книги
Скрит в OPAC Не
Koha issues (borrowed), all copies 15
944 ## - СЪЗДАВАНЕ И РЕДАКЦИЯ на ЗАПИСА
Създаване/Редакция Създаване
Дата на регистрацията/редакция 23.10.2017
Статус, дата на статуса Диана Гривева
Служител, извършил регистрацията/редакцията 30529
944 ## - СЪЗДАВАНЕ И РЕДАКЦИЯ на ЗАПИСА
Създаване/Редакция Редакция
Дата на регистрацията/редакция 01.11.2017
Статус, дата на статуса ф /
Служител, извършил регистрацията/редакцията Людмила_Стоянова
999 ## - СИСТЕМНИ КОНТРОЛНИ НОМЕРА
Koha biblionumber 326007
Koha biblioitemnumber 326007
999 ## - СИСТЕМНИ КОНТРОЛНИ НОМЕРА
Koha biblioitemnumber 326007
999 ## - СИСТЕМНИ КОНТРОЛНИ НОМЕРА
Koha biblioitemnumber 203917
Наличности
Код за отписване Код за изгубен артикул Източник на класификационната схема Код за повреда Коз за рестрикции Код за отдаване Артикулен № Име на библиотеката - собственик Име на библиотеката, в която се намира в момента Статус (Текущо местоположение) Дата на вписване в системата Местоположение - отдел Цена в лева Инвентарен номер Систематично азбучна сигнатура Баркод Цена в евро Служебен тип на артикула
Изтеглен Не е изгубен Universal Decimal Classification Не е повреден без рестрикции заемане за дома 681956 Регионална библиотека "Любен Каравелов" Русе Регионална библиотека "Любен Каравелов" Русе Заемна - подръчен фонд 2018-11-07 Заемна - подръчен фонд 12.75 120000825618 П 355.4/Ж 27 120000825618 6.52 Книги
  Не е изгубен Universal Decimal Classification Не е повреден само за читалня ползва се в читалня 802973 Регионална библиотека "Любен Каравелов" Русе Регионална библиотека "Любен Каравелов" Русе Хранилище 2020-10-07 Хранилище 16.99   Цб 304114 120000848969 8.69 Книги
  Не е изгубен Universal Decimal Classification Не е повреден   заемане за дома 974578 Регионална библиотека "Любен Каравелов" Русе Регионална библиотека "Любен Каравелов" Русе Заемна - подръчен фонд 2025-06-04 Заемна - подръчен фонд 16.99 120000920029 355.4/Ж 27 М 120000920029 8.69 Книги
Vip Innovations Ltd, Rousse, Bulgaria 2025